000 00658cam a2200181 i 4500
005 20260201130041.0
008 250721s2005 ts gr 000 0 ara d
082 1 4 _a371.26
_bل ج ن
110 2 _aلجنة الترجمة والاعداد.
245 1 2 _aالإمتحانات مشكلاتها وطرائق مواجهتها :
_bطريقك إلى التفوق والمذاكرة الفعالة /
264 3 1 _aالعين :
_bدار الكتاب الجامعي،
_c2005.
300 _a212 صفحة.
650 1 7 _aالإختبارات.
650 1 7 _aالمدارس.
650 1 7 _aالطلاب.
942 _2ddc
_cBK
999 _c96151
_d96151